[Event "ROM-ch U08"]
[Site "Calimanesti"]
[Date "2014.04.11"]
[Round "7"]
[White "Avadanei, Tudor"]
[Black "Vezentan, Tudor"]
[Result "0-1"]
[WhiteElo "1001"]
[BlackElo "1001"]
[PlyCount "40"]
[EventDate "2014.04.06"]
[EventType "swiss"]
[EventRounds "9"]
[EventCountry "ROU"]
[SourceTitle "CBM 160 Extra"]
[Source "ChessBase"]
[SourceDate "2014.07.01"]
[SourceVersion "1"]
[SourceVersionDate "2014.07.01"]
[SourceQuality "1"]

1. e4 e5 2. d3 Nf6 3. Nf3 Nc6 4. Nh4 Bc5 5. Nf5 d5 6. Nxg7+ Kf8 7. Nh5 Bg4 8. Qd2 Bxh5 9. Qg5 Bg6 10. exd5 Bb6 11. b3 Nd4 12. c3 Nc2+ 13. Ke2 Nxa1 14. Ba3+ c5 15. Kd1 Kg7 16. Qxe5 Re8 17. Qg3 Qxd5 18. c4 Qd4 19. Nd2 Qc3 20. Nb1 Qc2# 0-1